Normal view
MARC view
- Shakespeare, William
Entry Topical Term
001 - CONTROL NUMBER
- control field: 2815
003 - CONTROL NUMBER IDENTIFIER
- control field: JO-AjAnu
005 - DATE AND TIME OF LATEST TRANSACTION
- control field: 20230606070750.0
008 - FIXED-LENGTH DATA ELEMENTS
- fixed length control field: 230606|| aca||aabn | a|a d
040 ## - CATALOGING SOURCE
- Original cataloging agency: JO-AjAnu
- Transcribing agency: JO-AjAnu
150 ## - HEADING--TOPICAL TERM
- Topical term or geographic name entry element: Shakespeare, William
670 ## - SOURCE DATA FOUND
- Source citation: Work cat.: (JO-AjAnu)1475: Jones, Katherine Duncan, م.مشارك H.R. Woudhusen, author 2814, Shakespeare,s Poems: Venus and Adonis, The Rape of Lucrece and the Shorter Poems